MARC

LEADER 00000nam0a2200000 4500
001 111066
005 20231031120647.0
035 |a (RuTPU)RU\TPU\book\119937 
090 |a 111066 
100 |a 20070306d1964 km y0rusy50 ca 
101 1 |a rus  |c eng 
102 |a RU 
105 |a a z 001zy 
200 1 |a Струи, следы и каверны  |e пер. с англ.  |f Г. Биркгоф, Э. Сарантонелло  |g под ред. Г. Ю. Степанова 
210 |a Москва  |c Мир  |d 1964 
215 |a 406 с.  |c ил. 
320 |a Литература: с. 423-430. 
320 |a Именной указатель: с. 445-456. 
320 |a Предметный указатель: с. 457-460. 
610 1 |a струи 
610 1 |a следы 
610 1 |a каверны 
610 1 |a годографы 
610 1 |a струйные течения 
610 1 |a обтекание 
610 1 |a пластины 
610 1 |a препятствия 
610 1 |a теоремы 
610 1 |a течения 
610 1 |a жидкость 
610 1 |a применение 
675 |a 532.5  |v 3 
700 1 |a Биркгоф  |b Г.  |g Гаррет 
701 1 |a Сарантонелло  |b Э. 
702 1 |a Степанов  |b Г. Ю.  |4 340 
801 1 |a RU  |b 63413507  |c 20070306  |g PSBO 
801 2 |a RU  |b 63413507  |c 20071127  |g PSBO 
942 |c BK